Waiting For Godot: (Record no. 351732)

000 -LEADER
fixed length control field 00481nam a22001817a 4500
003 - CONTROL NUMBER IDENTIFIER
control field OSt
005 - DATE AND TIME OF LATEST TRANSACTION
control field 20230712114550.0
008 - FIXED-LENGTH DATA ELEMENTS--GENERAL INFORMATION
fixed length control field 160902b xxu||||| |||| 00| 0 eng d
020 ## - INTERNATIONAL STANDARD BOOK NUMBER
International Standard Book Number 0
040 ## - CATALOGING SOURCE
Transcribing agency 0
082 ## - DEWEY DECIMAL CLASSIFICATION NUMBER
Classification number 843.914 BEC 2006
100 ## - MAIN ENTRY--PERSONAL NAME
Personal name Beckett,Samuel
9 (RLIN) 317
245 ## - TITLE STATEMENT
Title Waiting For Godot:
Remainder of title A Tragicomedy in Two Acts
260 ## - PUBLICATION, DISTRIBUTION, ETC.
Place of publication, distribution, etc. Erode
Name of publisher, distributor, etc. A.B.Books
Date of publication, distribution, etc. 2006
300 ## - PHYSICAL DESCRIPTION
Extent 60 p.
Other physical details PB.
440 ## - SERIES STATEMENT/ADDED ENTRY--TITLE
Title Waiting For Godot: A Tragicomedy in Two Acts
9 (RLIN) 113572
942 ## - ADDED ENTRY ELEMENTS (KOHA)
Source of classification or shelving scheme
Koha item type Book
Holdings
Withdrawn status Lost status Source of classification or shelving scheme Damaged status Not for loan Permanent Location Current Location Shelving location Date acquired Full call number Barcode Date last seen Price effective from Koha item type
          Central Library (CL) Central Library (CL) General Stacks 09/02/2016 843.914 BEC 2006 NBSD-2739 09/02/2016 09/02/2016 Book
© 2023 Central Library, National University of Sciences and Technology. All Rights Reserved.